-ologies (A-Z) Quiz Stats

 Plays Quiz Updated Apr 6, 2013

Also try: Name That Ology
Challenge
Share
Tweet
Embed
Score 0/23 Timer 05:00
1 Play Today
Area of Interest -ologies % Correct
SkinDermatology
89.7%
AnimalsZoology
87.5%
WeatherMeteorology
84.5%
God & ReligionTheology
81.7%
Digestive SystemGastroenterology
72.4%
CancerOncology
70.2%
AnesthesicsAnesthesiology
68.7%
Urinary SystemsUrology
66.4%
Nervous SystemNeurology
65.8%
JapanJapanology
64.4%
DrugsPharmacology
63.9%
BloodHaematology
63.4%
Area of Interest -ologies % Correct
Noses & SinusesRhinology
54%
Future EventsFuturology
52.6%
Books, Printing & PublishingBibliology
52.2%
CodesCryptology
47.5%
Human MovementKinesiology
42.1%
InsectsEntomology
39.9%
FishIchthyology
33.7%
ExcrementScatology
25.6%
WoodXylology
16.7%
Butterflies & MothsLepidopterology
14.1%
FlagsVexillology
10.2%

You're not logged in!

Compare scores with friends on all Sporcle quizzes.
Join for Free
OR
Log In

You Might Also Like...

Show Comments

Extras

Top Quizzes Today


Score Distribution

Your Account Isn't Verified!

In order to create a playlist on Sporcle, you need to verify the email address you used during registration. Go to your Sporcle Settings to finish the process.

Report this User

Report this user for behavior that violates our Community Guidelines.

Details: